| 000 -LEADER |
| fixed length control field |
00731nam a2200229Ia 4500 |
| 001 - CONTROL NUMBER |
| control field |
16835 |
| 003 - CONTROL NUMBER IDENTIFIER |
| control field |
GE_BSU |
| 005 - DATE AND TIME OF LATEST TRANSACTION |
| control field |
20200203111458.0 |
| 008 - FIXED-LENGTH DATA ELEMENTS--GENERAL INFORMATION |
| fixed length control field |
181216s||||||||xx |||||||||||||| ||und|| |
| 020 ## - INTERNATIONAL STANDARD BOOK NUMBER |
| International Standard Book Number |
978 0470190609 |
| 040 ## - CATALOGING SOURCE |
| Transcribing agency |
GE_BSU |
| 080 ## - UNIVERSAL DECIMAL CLASSIFICATION NUMBER |
| Universal Decimal Classification number |
005.32 S-31 |
| 100 ## - MAIN ENTRY--PERSONAL NAME |
| Personal name |
Schein, Edgar H. |
| 9 (RLIN) |
6677 |
| 245 ## - TITLE STATEMENT |
| Title |
Organizational culture and leadership / |
| Statement of responsibility, etc. |
Edgar H. Schein |
| 250 ## - EDITION STATEMENT |
| Edition statement |
4th ed. |
| 260 ## - PUBLICATION, DISTRIBUTION, ETC. |
| Place of publication, distribution, etc. |
San Francisco |
| 260 ## - PUBLICATION, DISTRIBUTION, ETC. |
| Date of publication, distribution, etc. |
San Francisco : |
| Place of publication, distribution, etc. |
Jossey-Bass, |
| Name of publisher, distributor, etc. |
2010. |
| 300 ## - PHYSICAL DESCRIPTION |
| Extent |
xvi, 436 p, |
| Other physical details |
ill, |
| Dimensions |
24 cm. |
| 653 ## - INDEX TERM--UNCONTROLLED |
| Uncontrolled term |
Corporate culture. Culture. Leadership. |
| 653 ## - INDEX TERM--UNCONTROLLED |
| Uncontrolled term |
ორგანიზაციული რეჟიმი.მართვის ფსიქოლოგია |
| 942 ## - ADDED ENTRY ELEMENTS (KOHA) |
| Koha item type |
წიგნი |
| Source of classification or shelving scheme |
|